Normal view
MARC view
Entry Personal Name
001 - CONTROL NUMBER
- control field: 84173
003 - CONTROL NUMBER IDENTIFIER
- control field: dpl
005 - DATE AND TIME OF LATEST TRANSACTION
- control field: 20250821120524.0
008 - FIXED-LENGTH DATA ELEMENTS
- fixed length control field: 250821|| aca||aabn | a|a d
040 ## - CATALOGING SOURCE
- Original cataloging agency: dpl
- Transcribing agency: dpl
100 ## - HEADING--PERSONAL NAME
- Personal name: Thomas, Rekha R
670 ## - SOURCE DATA FOUND
- Source citation: Work cat.: (dpl)213068: Thomas, Rekha R., Lectures in Geometric Combinatorics/, 2025
